[Event "FRA-chT3 Gr06 0607"]
[Site "France"]
[Date "2006.10.15"]
[Round "1.7"]
[White "Pronost, Herve"]
[Black "Nouri, Adrien"]
[Result "1/2-1/2"]
[WhiteElo "1690"]
[BlackElo "1955"]
[PlyCount "105"]
[EventDate "2006.10.15"]
[EventType "team"]
[EventRounds "9"]
[EventCountry "FRA"]
[SourceTitle "EXT 2008"]
[Source "ChessBase"]
[SourceDate "2007.11.25"]
[SourceVersion "1"]
[SourceVersionDate "2007.11.25"]
[SourceQuality "1"]
[WhiteTeam "Lesneven"]
[BlackTeam "Quimper"]
[WhiteTeamCountry "FRA"]
[BlackTeamCountry "FRA"]

1. d4 d5 2. c4 c6 3. Nc3 Nf6 4. Bg5 e6 5. e3 Nbd7 6. Nf3 Bd6 7. Bd3 dxc4 8. Bxc4 Qb6 9. Qc2 Nd5 10. e4 Nb4 11. Qb3 h6 12. Be3 c5 13. 0-0 Nc6 14. Qxb6 axb6 15. Nb5 Bb8 16. Rfc1 0-0 17. Be2 Nb4 18. dxc5 bxc5 19. Bxc5 Nxc5 20. Rxc5 Rxa2 21. Rxa2 Nxa2 22. Rc4 Bd7 23. Ra4 Nc1 24. Bf1 Nb3 25. Rb4 Nc5 26. e5 Bc6 27. Nbd4 Bd5 28. Bc4 Rd8 29. h3 Bxc4 30. Rxc4 Nd3 31. g3 Nxe5 32. Nxe5 Bxe5 33. Nf3 Bxb2 34. Rb4 Ba3 35. Rxb7 Rd3 36. Ne5 Rd1+ 37. Kg2 f6 38. Nc4 Bc5 39. Rc7 Bd4 40. Rc8+ Kh7 41. Rd8 e5 42. Rd7 Rc1 43. Ne3 Kg6 44. g4 Bxe3 45. fxe3 e4 46. Re7 Rc4 47. Kg3 f5 48. gxf5+ Kf6 49. Rd7 Kxf5 50. Rxg7 Rc3 51. Kf2 Rc2+ 52. Kg1 Rc6 53. Kf2 1/2-1/2